Akupressur und Shiatsu Alltagsbeschwerden, Schmerzen und Krankheiten selbst behandeln

Bibliographic Details
Main Authors: Frohn, Birgit (Author), Lentz, Christiane (Author)
Format: Book
Language:German
PhysicalDescription:160 s. 28 cm
Published: [München] Cormoran c1999
ISBN:3517090417
Subjects:

MARC

LEADER 00000nam a2200000 a 4500
001 vtls001395459
003 SK-MaSNL
005 20260301201822.0
008 240316s1999 DE a r ger
020 |a 3517090417  |c b.c. 
035 |a SNK000349814 
035 |a urn:nbn:sk:snk-amyen1 
035 |a urn:nbn:sk:snk-am00ceb4 
035 |a 43914EEA-50EC-45B1-AE07-3C78F2D895C2 
040 |a SNK  |b slo  |c SNK  |e AACR2 
041 0 |a ger 
044 |a DE 
080 |a 615.827(510)  |2 1981 
100 1 |a Frohn, Birgit  |4 aut  |9 554899 
245 1 |a Akupressur und Shiatsu  |b Alltagsbeschwerden, Schmerzen und Krankheiten selbst behandeln  |c Birgit Frohn, Christiane Lentz 
260 |a [München]  |b Cormoran  |c c1999  |e [Martin  |f Neografia] 
300 |a 160 s.  |c 28 cm 
650 0 7 |a akupresúra  |2 SNK  |9 2622 
700 1 |a Lentz, Christiane  |4 aut  |9 65584 
919 |a 3-517-09041-7 
958 |a OND 
999 |c 896402  |d 898332 
952 |t P60, <03>, [BOOK], {603}  |a SNK  |b SNK  |y PREZ  |7 0  |p 17A0251036  |o snkSB 62240  |i snkKSP 9113/2000  |0 0  |1 0  |4 0  |d 2000-09-08  |f 1  |l 0  |r 2025-04-11 00:00:00  |w 2026-02-24